01845nam a2200409 a 4500001001200000003000800012006001900020007001500039008004100054010001700095020003800112020003500150020002700185040002100212035002100233043001200254050002300266082002500289100002500314245015100339246004100490260010200531300006200633504006400695533015200759650005400911650006400965650005901029650004801088650003301136651005701169655002901226700002001255710001701275856012601292999001701418ebr10690525CaPaEBRm u cr cn|||||||||111007s2012 wauabf sb 001 0 eng d z 2011041461 z9780295991610 (pbk. : alk. paper) z0295991615 (pbk. : alk. paper) z9780295804972 (e-book) aCaPaEBRcCaPaEBR a(OCoLC)841171207 an-us-ak14aE99.E7bF45 2012eb04a305.897/140164512231 aFienup-Riordan, Ann.10aEllavut, our Yup'ik world & weatherh[electronic resource] :bcontinuity and change on the Bering Sea coast /cAnn Fienup-Riordan & Alice Rearden.3 aEllavut, our Yupik world and weather aSeattle :bUniversity of Washington Press ;aAnchorage, Alaska :bCalista Elders Council,cc2012. axiv, 354 p., [16] p. of plates :bill. (some col.), maps. aIncludes bibliographical references (p. 329-334) and index. aElectronic reproduction.bPalo Alto, Calif. :cebrary,d2013.nAvailable via World Wide Web.nAccess may be limited to ebrary affiliated libraries. 0aYupik EskimosxSciencezAlaskazBering Sea Coast. 0aYupik EskimoszAlaskazBering Sea CoastxSocial conditions. 0aIndigenous peoplesxEcologyzAlaskazBering Sea Coast. 0aClimatic changeszAlaskazBering Sea Coast. 0aGlobal environmental change. 0aBering Sea Coast (Alaska)xEnvironmental conditions. 7aElectronic books.2local1 aRearden, Alice.2 aebrary, Inc.40uhttp://site.ebrary.com/lib/rucke/Doc?id=10690525zAn electronic book accessible through the World Wide Web; click to view c26590d26590